लक्ष्मीनारायण लाल कृत अंधा कुआँ नाटक में स्त्री प्रश्न। (Record no. 1067388)

MARC details
000 -LEADER
fixed length control field 01029nam a2200253Ia 4500
003 - CONTROL NUMBER IDENTIFIER
control field OSt
005 - DATE AND TIME OF LATEST TRANSACTION
control field 20221005133630.0
008 - FIXED-LENGTH DATA ELEMENTS--GENERAL INFORMATION
fixed length control field 221004b |||||||| |||| 00| 0 hin d
037 ## - SOURCE OF ACQUISITION
Terms of availability Textual
040 ## - CATALOGING SOURCE
Original cataloging agency CRL
Transcribing agency CRL
Language of cataloging hin
041 ## - LANGUAGE CODE
Source of code hin
Language code of text/sound track or separate title hin
100 ## - MAIN ENTRY--PERSONAL NAME
Personal name पूनम, ले.
9 (RLIN) 159534
110 ## - MAIN ENTRY--CORPORATE NAME
Corporate name or jurisdiction name as entry element दिल्ली विश्वविद्यालय. कला संकाय. हिन्दी विभाग
245 #0 - TITLE STATEMENT
Title लक्ष्मीनारायण लाल कृत अंधा कुआँ नाटक में स्त्री प्रश्न।
246 ## - VARYING FORM OF TITLE
Title proper/short title Lakṣhmīnārāyaṇ lāl kṛut aandhā kuāँ nāṭak mean strī prashna।
260 ## - PUBLICATION, DISTRIBUTION, ETC.
Date of publication, distribution, etc. 2014
300 ## - PHYSICAL DESCRIPTION
Extent 142पृ.
Dimensions cm.
700 ## - ADDED ENTRY--PERSONAL NAME
Personal name दिल्ली विश्वविद्यालय. कला संकाय. हिन्दी विभाग
942 ## - ADDED ENTRY ELEMENTS (KOHA)
Koha item type Textual
Source of classification or shelving scheme
Holdings
Withdrawn status Lost status Damaged status Not for loan Home library Current library Date acquired Total Checkouts Barcode Date last seen Price effective from Koha item type
        Central Library Central Library 2022-10-05   D00014328 Clo 2022-10-05 2022-10-05 Textual
Copyright @ Delhi University Library System